Selling science : how the press covers science and technology

Αποθηκεύτηκε σε:
Λεπτομέρειες βιβλιογραφικής εγγραφής
Κύριος συγγραφέας: Nelkin, Dorothy
Μορφή: Βιβλίο
Γλώσσα:English
Δημοσίευση: New York : Freeman, c1995
Έκδοση:ed. rev.
Θέματα:
Ετικέτες: Προσθήκη ετικέτας
Δεν υπάρχουν, Καταχωρήστε ετικέτα πρώτοι!

MARC

LEADER 00000nam a2200000 i 4500
001 1/98855
008 000124s1995 eng d
020 |a 0-7167-2595-9 
035 |l 10056663 
040 |a GR-MY-UA  |b gre  |e aacr 
041 0 |a eng 
082 0 |a 070.4495 
100 1 |a Nelkin, Dorothy. 
245 1 0 |a Selling science :  |b how the press covers science and technology /  |c Dorothy Nelkin 
250 |a ed. rev. 
260 |a New York :   |b Freeman,   |c c1995 
300 |a 217p. 
504 |a Includes index 
650 0 0 |a Science news. 
650 0 0 |a Communication in science. 
650 0 0 |a Communication of technical information. 
852 |a INST  |b RHODES  |e 20000124  |h 070.449 NEL  |p 005400013342  |q 005400013342  |t BK  |y 0 
901 |a BIBL4-2000-1 
909 |a Ρ  |b 073111 
922 |a 4ΕΛΗ  |b 199912  |c ΚΠΣ/154  |d GLORY BOOKS 
970 |z 2000/01/24